[Event "XXVI Memorial Edoardo Crespi A"]
[Site "Milano ITA"]
[Date "2005.12.08"]
[Round "2"]
[White "Sardo, Gabriele"]
[Black "Cavatorta, Fosco"]
[Result "1-0"]
[WhiteElo "2194"]
[BlackElo "1984"]
[PlyCount "99"]
[EventDate "2005.12.07"]

1. e4 d6 2. d4 Nf6 3. Nc3 g6 4. Be3 c6 5. Qd2 b5 6. Bd3 Nbd7 7. f4 Ng4 8. e5
Bg7 9. Nf3 Nxe3 10. Qxe3 O-O 11. h4 dxe5 12. dxe5 Qb6 13. Qxb6 Nxb6 14. Be4 Bd7
15. O-O-O Rac8 16. h5 b4 17. Ne2 Be6 18. Ned4 Bd5 19. Bxd5 cxd5 20. b3 a5 21.
g4 Rc3 22. h6 Bh8 23. Rd3 Rfc8 24. Kd2 Nd7 25. Ra1 Nc5 26. Rxc3 Ne4+ 27. Kc1
Nxc3 28. a3 a4 29. axb4 axb3 30. Nxb3 Ne2+ 31. Kd2 Nxf4 32. Nbd4 f6 33. e6 f5
34. gxf5 gxf5 35. Nxf5 Bxa1 36. Nxe7+ Kf8 37. Nxc8 Nxe6 38. Nb6 d4 39. Nd5 Kf7
40. Ne5+ Kf8 41. b5 Bb2 42. Nc4 Bc3+ 43. Nxc3 dxc3+ 44. Kxc3 Kf7 45. b6 Nc5 46.
Kd4 Na6 47. Ne5+ Kf6 48. c4 Kg5 49. c5 Kxh6 50. c6 1-0

[Event "XXVI Memorial Edoardo Crespi A"]
[Site "Milano ITA"]
[Date "2005.12.08"]
[Round "2"]
[White "Tramalloni, Luca"]
[Black "Papa, Angelo"]
[Result "1-0"]
[WhiteElo "2136"]
[BlackElo "1900"]
[PlyCount "33"]
[EventDate "2005.12.07"]

1. d4 d6 2. Nf3 Bg4 3. c4 g6 4. g3 Bxf3 5. exf3 Bg7 6. Bg2 Nd7 7. O-O Nh6 8.
Nc3 O-O 9. f4 Rb8 10. Qd3 e5 11. dxe5 dxe5 12. Rd1 Nc5 13. Qe2 Qe7 14. Nd5 Qd6
15. fxe5 Qxe5 16. Qxe5 Bxe5 17. Bxh6 1-0

[Event "XXVI Memorial Edoardo Crespi A"]
[Site "Milano ITA"]
[Date "2005.12.08"]
[Round "3"]
[White "Astengo, Corrado"]
[Black "Ramiro Ovejero, Juan Luis"]
[Result "1/2-1/2"]
[WhiteElo "2105"]
[BlackElo "2332"]
[PlyCount "41"]
[EventDate "2005.12.07"]

1. e4 d6 2. d4 Nf6 3. Nc3 Nbd7 4. Bc4 e5 5. Nf3 Be7 6. O-O O-O 7. h3 c6 8. a4
a5 9. Be3 Nxe4 10. Nxe4 d5 11. Nxe5 dxe4 12. Qh5 Qe8 13. Rad1 Nb6 14. Bb3 Nd5
15. c4 Nb4 16. Bd2 f6 17. c5+ Nd5 18. Qxe8 Rxe8 19. Nc4 Bd8 20. Nd6 Re7 21.
Rfe1 1/2-1/2

[Event "XXVI Memorial Edoardo Crespi A"]
[Site "Milano ITA"]
[Date "2005.12.08"]
[Round "3"]
[White "Attianese, Aniello"]
[Black "Carraminana Lopez, Luis Antonio"]
[Result "1/2-1/2"]
[WhiteElo "1974"]
[BlackElo "2072"]
[PlyCount "74"]
[EventDate "2005.12.07"]

1. d4 d6 2. c4 e5 3. dxe5 dxe5 4. Qxd8+ Kxd8 5. Nc3 Be6 6. e4 Nd7 7. Be3 Ne7 8.
Nf3 f6 9. Be2 a5 10. Nd5 Nc6 11. O-O Bc5 12. Rfd1 Kc8 13. Bxc5 Nxc5 14. Nc3 Rd8
15. Rxd8+ Kxd8 16. Rd1+ Kc8 17. Kf1 a4 18. Ke1 a3 19. b3 Nb4 20. Kf1 c6 21. Ne1
Kc7 22. Nd3 Ncxd3 23. Bxd3 Kb6 24. Bb1 Kc5 25. Ke2 b5 26. cxb5 Bxb3 27. axb3 a2
28. Nxa2 Nxa2 29. Bxa2 Rxa2+ 30. Rd2 Rxd2+ 31. Kxd2 Kxb5 32. Kc3 g6 33. g4 c5
34. h4 g5 35. h5 h6 36. f3 Kb6 37. Kc4 Kc6 1/2-1/2

[Event "XXVI Memorial Edoardo Crespi A"]
[Site "Milano ITA"]
[Date "2005.12.08"]
[Round "3"]
[White "Bellani, Alessandro"]
[Black "Cartella, Giovanni"]
[Result "1-0"]
[WhiteElo "2116"]
[BlackElo "1937"]
[PlyCount "51"]
[EventDate "2005.12.07"]

1. d4 d5 2. c4 c6 3. Nf3 Bf5 4. Nc3 e6 5. a3 Nf6 6. Bg5 h6 7. Bh4 Qb6 8. Bxf6
gxf6 9. b4 Nd7 10. cxd5 cxd5 11. e3 Bg7 12. Bd3 Bxd3 13. Qxd3 O-O 14. Na4 Qd6
15. Rc1 e5 16. Nh4 e4 17. Qe2 Kh7 18. O-O Rfc8 19. Qg4 Qe6 20. Nf5 Rg8 21. Qh5
Bf8 22. h4 Rg6 23. Rc7 Bg7 24. Rfc1 Rg8 25. Rxb7 Bf8 26. g3 1-0

[Event "XXVI Memorial Edoardo Crespi A"]
[Site "Milano ITA"]
[Date "2005.12.08"]
[Round "3"]
[White "Bernago, Federico"]
[Black "Candura, Stefano"]
[Result "1-0"]
[WhiteElo "1981"]
[BlackElo "2039"]
[PlyCount "47"]
[EventDate "2005.12.07"]

1. e4 e6 2. d3 c5 3. Nf3 Nc6 4. g3 Nge7 5. Bg2 g6 6. O-O Bg7 7. Re1 O-O 8. Nbd2
Qc7 9. c3 d5 10. Qe2 d4 11. e5 dxc3 12. bxc3 b6 13. Nc4 Ba6 14. Bg5 h6 15. Bf6
Bxf6 16. exf6 Nd5 17. Qd2 Kh7 18. Nfe5 Nxe5 19. Nxe5 h5 20. Qg5 Qd8 21. c4 Nb4
22. Be4 Qe8 23. Qxh5+ Kg8 24. Qh6 1-0

[Event "XXVI Memorial Edoardo Crespi A"]
[Site "Milano ITA"]
[Date "2005.12.08"]
[Round "3"]
[White "Bettini, Massimo"]
[Black "Cazzaniga, Walter"]
[Result "0-1"]
[WhiteElo "1923"]
[BlackElo "2104"]
[PlyCount "50"]
[EventDate "2005.12.07"]

1. e4 e6 2. d4 d5 3. Nc3 Bb4 4. a3 Bxc3+ 5. bxc3 dxe4 6. f3 b6 7. Nh3 Bb7 8.
Be2 Nf6 9. O-O Nbd7 10. Qe1 O-O 11. fxe4 Nxe4 12. Bf3 f5 13. Bxe4 fxe4 14.
Rxf8+ Nxf8 15. Qe3 Ng6 16. Ng5 Qe7 17. Qh3 Nf8 18. Qe3 e5 19. a4 exd4 20. cxd4
Bd5 21. Ba3 Qd7 22. Rf1 Ng6 23. h4 Nxh4 24. c4 Bb7 25. Rf7 Qg4 0-1

[Event "XXVI Memorial Edoardo Crespi A"]
[Site "Milano ITA"]
[Date "2005.12.08"]
[Round "3"]
[White "Bevilacqua, Maurizio"]
[Black "Pattarello, Pierluigi"]
[Result "1-0"]
[WhiteElo "2172"]
[BlackElo "1969"]
[PlyCount "79"]
[EventDate "2005.12.07"]

1. d4 Nf6 2. c4 e6 3. Nf3 b6 4. a3 Bb7 5. Nc3 Be7 6. d5 O-O 7. e4 exd5 8. cxd5
d6 9. Be2 Nbd7 10. Bf4 Nc5 11. Qc2 a5 12. O-O c6 13. Rad1 cxd5 14. exd5 Rc8 15.
Qb1 Ba6 16. Rfe1 Re8 17. Nd4 Bxe2 18. Rxe2 Qd7 19. h3 Bf8 20. Re3 Rxe3 21. Bxe3
Re8 22. b4 Nce4 23. Nxe4 Nxe4 24. Qd3 g6 25. Nc6 axb4 26. axb4 Qb7 27. Ra1 Nf6
28. Ra7 Qc8 29. Bxb6 Qf5 30. Qxf5 gxf5 31. Bd4 Nxd5 32. Ra5 Ne7 33. Nxe7+ Bxe7
34. Rxf5 Rb8 35. b5 Rb7 36. g4 h6 37. Kg2 Bd8 38. Kg3 Bb6 39. Bf6 Bc7 40. Rh5
1-0

[Event "XXVI Memorial Edoardo Crespi A"]
[Site "Milano ITA"]
[Date "2005.12.08"]
[Round "3"]
[White "Bozzali, Ermanno"]
[Black "Magrini, Fabrizio"]
[Result "1/2-1/2"]
[WhiteElo "2108"]
[BlackElo "2067"]
[PlyCount "80"]
[EventDate "2005.12.07"]

1. d4 c5 2. d5 Nf6 3. Nc3 d6 4. e4 e6 5. Nf3 exd5 6. exd5 Be7 7. Bb5+ Bd7 8.
O-O Bxb5 9. Nxb5 a6 10. Nc3 b5 11. a4 b4 12. Ne2 O-O 13. Qd3 Re8 14. Ng3 Nbd7
15. h3 Nb6 16. Rd1 Nfxd5 17. a5 c4 18. Qd2 c3 19. Qd3 cxb2 20. Bxb2 Nf4 21. Qd4
Bf6 22. Qxf4 Bxb2 23. Ra2 Be5 24. Nxe5 dxe5 25. Rxd8 exf4 26. Rxe8+ Rxe8 27.
axb6 fxg3 28. fxg3 Rb8 29. Rxa6 Kf8 30. Kf2 Ke7 31. Ke3 Kd6 32. Kd4 Kc6 33. Kc4
Re8 34. Kxb4 Re2 35. c4 Rb2+ 36. Kc3 Rxg2 37. Ra7 Kxb6 38. Rxf7 Rxg3+ 39. Kb4
Rxh3 40. Rxg7 Rh1 1/2-1/2

[Event "XXVI Memorial Edoardo Crespi A"]
[Site "Milano ITA"]
[Date "2005.12.08"]
[Round "3"]
[White "Brigati, Alessandro"]
[Black "Facchetti, Gianni"]
[Result "0-1"]
[WhiteElo "2006"]
[BlackElo "2123"]
[PlyCount "104"]
[EventDate "2005.12.07"]

1. d4 Nf6 2. c4 e5 3. dxe5 Ng4 4. Nf3 Nc6 5. Bf4 Bb4+ 6. Nbd2 Qe7 7. a3 Ngxe5
8. Nxe5 Nxe5 9. Bxe5 Bxd2+ 10. Qxd2 Qxe5 11. e3 d6 12. Be2 a5 13. Qd4 c5 14.
Qxe5+ dxe5 15. Bf3 Ke7 16. O-O-O f5 17. Bd5 Ra7 18. Rd2 b6 19. Rhd1 Rd8 20. Kc2
Rd6 21. f4 exf4 22. exf4 Rad7 23. Re1+ Kf6 24. Rde2 Rc7 25. Re8 g6 26. Rf8+ Kg7
27. Rg8+ Kf6 28. Ree8 Be6 29. Bxe6 Rxe6 30. Rxe6+ Kxe6 31. Rb8 Rc6 32. Rb7 h6
33. g3 Rd6 34. Kc3 Kf6 35. b4 axb4+ 36. axb4 cxb4+ 37. Kxb4 Rc6 38. Rd7 g5 39.
Rd4 Re6 40. Kb5 Kg6 41. Rd2 Kh5 42. Rf2 Kg4 43. fxg5 hxg5 44. c5 bxc5 45. Kxc5
f4 46. gxf4 gxf4 47. Kd4 f3 48. Kd3 Kf4 49. Kd2 Ra6 50. Kd3 Rd6+ 51. Kc2 Ke3
52. Rf1 f2 0-1

[Event "XXVI Memorial Edoardo Crespi A"]
[Site "Milano ITA"]
[Date "2005.12.08"]
[Round "3"]
[White "Brugo, Marco"]
[Black "Grasso, Nino"]
[Result "1-0"]
[WhiteElo "2036"]
[BlackElo "1975"]
[PlyCount "83"]
[EventDate "2005.12.07"]

1. d4 Nf6 2. c4 c5 3. d5 b5 4. cxb5 a6 5. bxa6 Bxa6 6. b3 g6 7. Bb2 Bg7 8. g3
d6 9. Bg2 O-O 10. Nh3 Nbd7 11. O-O Qc7 12. Re1 Rfb8 13. Nd2 Nb6 14. e4 Bc8 15.
Qc2 Bd7 16. Nf4 Qc8 17. e5 Bf5 18. Qc1 Ng4 19. e6 Ne5 20. Nf3 Nbc4 21. exf7+
Kxf7 22. Ng5+ Kg8 23. Bc3 Na3 24. Nge6 Bf6 25. Be4 Bxe4 26. Rxe4 Nb5 27. Bb2
Nf3+ 28. Kg2 Nfd4 29. Qd2 Qb7 30. f3 g5 31. Nh5 Qxd5 32. Nxf6+ exf6 33. Nxd4
Nxd4 34. Bxd4 cxd4 35. Rxd4 Qe5 36. Rd1 Rb6 37. Re4 Qc5 38. Qe2 Rbb8 39. Re6
Qa3 40. Rd2 Kf7 41. Re7+ Kf8 42. Qe6 1-0

[Event "XXVI Memorial Edoardo Crespi A"]
[Site "Milano ITA"]
[Date "2005.12.08"]
[Round "3"]
[White "Casartelli, Fabio"]
[Black "Cereda, Loris"]
[Result "0-1"]
[WhiteElo "1977"]
[BlackElo "2044"]
[PlyCount "58"]
[EventDate "2005.12.07"]

1. d4 Nf6 2. Bg5 c6 3. Nd2 d5 4. Ngf3 Bf5 5. e3 Nbd7 6. c4 e6 7. Be2 h6 8. Bf4
Be7 9. O-O O-O 10. a3 b6 11. Rc1 c5 12. Bg3 Re8 13. cxd5 exd5 14. Bb5 Nh5 15.
dxc5 Nxg3 16. hxg3 bxc5 17. Qa4 Bf6 18. Qf4 Bg6 19. Bxd7 Qxd7 20. Rxc5 Bxb2 21.
Rc7 Qd8 22. Nh4 Be5 23. Qg4 Qxc7 24. Nxg6 fxg6 25. Qxg6 Qd6 26. Qf5 Qf6 27. Qd7
Red8 28. Qb7 Qb6 29. Qe7 Bf6 0-1

[Event "XXVI Memorial Edoardo Crespi A"]
[Site "Milano ITA"]
[Date "2005.12.08"]
[Round "3"]
[White "Cavatorta, Fosco"]
[Black "Gandolfi, Gianfranco"]
[Result "1-0"]
[WhiteElo "1984"]
[BlackElo "1901"]
[PlyCount "85"]
[EventDate "2005.12.07"]

1. Nf3 d5 2. g3 Nf6 3. Bg2 c5 4. O-O Nc6 5. d3 e5 6. Bg5 Be7 7. Nfd2 Be6 8. Nc3
O-O 9. e4 d4 10. Bxf6 Bxf6 11. Nd5 Be7 12. a4 f5 13. Nxe7+ Qxe7 14. exf5 Rxf5
15. Ne4 Raf8 16. Bh3 Rf3 17. Bxe6+ Qxe6 18. Ng5 Qd5 19. Nxf3 Rxf3 20. Qe2 Rf8
21. Rfe1 b6 22. Qe4 Qd6 23. Re2 Nb4 24. Rc1 Nc6 25. Rf1 a6 26. f4 exf4 27. Qe6+
Qxe6 28. Rxe6 Nb4 29. Rxb6 Nxc2 30. Rxf4 Rxf4 31. gxf4 Nb4 32. Kg2 Nxd3 33. Kf3
Nb4 34. Rxb4 cxb4 35. Ke4 Kf7 36. Kxd4 Kf6 37. Kc5 Kf5 38. Kb6 Kxf4 39. Kxa6 g5
40. Kb5 g4 41. a5 h5 42. a6 h4 43. a7 1-0

[Event "XXVI Memorial Edoardo Crespi A"]
[Site "Milano ITA"]
[Date "2005.12.08"]
[Round "3"]
[White "Del Rey, Diego"]
[Black "Bonazzi, Edoardo"]
[Result "1-0"]
[WhiteElo "2425"]
[BlackElo "2161"]
[PlyCount "25"]
[EventDate "2005.12.07"]

1. d4 d5 2. c4 e6 3. Nf3 Nf6 4. Nc3 Be7 5. Bf4 O-O 6. e3 c5 7. dxc5 Bxc5 8. Qc2
Nc6 9. a3 Qa5 10. O-O-O Rd8 11. Nd2 Be7 12. Nb3 Qb6 13. c5 1-0

[Event "XXVI Memorial Edoardo Crespi A"]
[Site "Milano ITA"]
[Date "2005.12.08"]
[Round "3"]
[White "Fezza, Davide"]
[Black "Barlocco, Carlo"]
[Result "1/2-1/2"]
[WhiteElo "2033"]
[BlackElo "2224"]
[PlyCount "116"]
[EventDate "2005.12.07"]

1. e4 g6 2. d4 Nf6 3. e5 Nh5 4. Be2 d6 5. Bxh5 gxh5 6. Qxh5 dxe5 7. Qxe5 Rg8 8.
Ne2 Nc6 9. Qe4 Nb4 10. Na3 Qd5 11. Qxd5 Nxd5 12. O-O Bf5 13. Ng3 Bg6 14. f4 e6
15. c4 Nb4 16. Bd2 O-O-O 17. Bc3 Bg7 18. d5 Bxc3 19. bxc3 Nc2 20. f5 Nxa3 21.
fxg6 hxg6 22. Rxf7 exd5 23. Re1 dxc4 24. Ree7 Nb5 25. a4 Rd1+ 26. Kf2 Nd6 27.
Rxc7+ Kb8 28. Rg7 Rxg7 29. Rxg7 b5 30. axb5 Nxb5 31. Ne4 a5 32. Rxg6 Nc7 33.
Rc6 a4 34. Rxc4 a3 35. Ra4 Ra1 36. c4 Ne6 37. h4 Nf4 38. Nc3 Rc1 39. Rxa3 Rc2+
40. Kf3 Nxg2 41. h5 Ne1+ 42. Kg4 Rg2+ 43. Kf5 Rh2 44. Kg6 Rg2+ 45. Kf6 Rh2 46.
Ra5 Nf3 47. Ne4 Rh4 48. Nd6 Kc7 49. Rd5 Rh1 50. Nf7 Nh4 51. h6 Ng2 52. Kg7 Nf4
53. Rf5 Ne6+ 54. Kf6 Nf8 55. Rg5 Nh7+ 56. Kg7 Nxg5 57. Nxg5 Kc6 58. Nf3 Kc5
1/2-1/2

[Event "XXVI Memorial Edoardo Crespi A"]
[Site "Milano ITA"]
[Date "2005.12.08"]
[Round "3"]
[White "Fiorili, Roberto"]
[Black "Canova, Luca"]
[Result "0-1"]
[WhiteElo "1963"]
[BlackElo "2103"]
[PlyCount "54"]
[EventDate "2005.12.07"]

1. d4 d5 2. Nf3 Nf6 3. Bf4 e6 4. e3 Nbd7 5. c3 c5 6. Bd3 b6 7. Nbd2 Bb7 8. Ne5
Be7 9. Ndf3 O-O 10. Qc2 c4 11. Be2 b5 12. h4 b4 13. Ng5 h6 14. Bg4 bxc3 15.
bxc3 hxg5 16. hxg5 Nxe5 17. Bxe5 Ne4 18. g6 f5 19. Rh7 Nf6 20. Bxf6 Bxf6 21.
Ke2 Bg5 22. Rah1 Bh6 23. Bf3 Bc6 24. Qd2 Qg5 25. Rh5 Qxg6 26. R7xh6 gxh6 27. e4
fxe4 0-1

[Event "XXVI Memorial Edoardo Crespi A"]
[Site "Milano ITA"]
[Date "2005.12.08"]
[Round "3"]
[White "Giannetta, Paolo"]
[Black "Crimi, Alessandro"]
[Result "1-0"]
[WhiteElo "2039"]
[BlackElo "1940"]
[PlyCount "139"]
[EventDate "2005.12.07"]

1. d4 Nf6 2. Nc3 c5 3. Bg5 g6 4. Bxf6 exf6 5. Nf3 Bg7 6. e3 O-O 7. h4 h5 8. Qd2
Nc6 9. dxc5 f5 10. Bc4 Qa5 11. O-O-O Qxc5 12. Qd5 Qe7 13. Qd6 a6 14. Qxe7 Nxe7
15. Nd5 Nc6 16. Nb6 Rb8 17. Nxd7 Bxd7 18. Rxd7 b5 19. Bd5 Nb4 20. Bb3 a5 21.
Ng5 Rbc8 22. a3 Nc6 23. Nxf7 a4 24. Be6 Rb8 25. Nd8+ Kh7 26. Nxc6 Rb6 27. Nd4
Kh6 28. Ba2 b4 29. axb4 Rxb4 30. c3 Rc8 31. Nc2 Rb6 32. Rhd1 Rcb8 33. Nb4 a3
34. bxa3 Bxc3 35. Rc7 Be5 36. Rc4 Ra8 37. Rd3 Bf6 38. g3 Be7 39. Rc7 Bxb4 40.
axb4 Rxa2 41. Rdd7 g5 42. Rh7+ Kg6 43. Rhg7+ Kf6 44. hxg5+ Ke5 45. Rc5+ Ke4 46.
Re7+ Kd3 47. Rd7+ Ke4 48. Rd4+ Kf3 49. Rxf5+ Ke2 50. Kb1 Rba6 51. b5 Ra1+ 52.
Kb2 R1a2+ 53. Kb3 R6a3+ 54. Kb4 Ra4+ 55. Kc5 Rc2+ 56. Kb6 Ra8 57. Rd7 Rb8+ 58.
Rb7 Rd8 59. Rc7 Ra2 60. g6 Rb8+ 61. Kc6 Rc2+ 62. Rc5 Rd2 63. Rxh5 Ra8 64. g7
Rc2+ 65. Rc5 Rca2 66. b6 R2a6 67. Rf5 Ra2 68. Rf8 Rc2+ 69. Kb7 Rxc7+ 70. bxc7
1-0

[Event "XXVI Memorial Edoardo Crespi A"]
[Site "Milano ITA"]
[Date "2005.12.08"]
[Round "3"]
[White "Iudicello, Giovanni"]
[Black "Ranola, Yves"]
[Result "0-1"]
[WhiteElo "2154"]
[BlackElo "2455"]
[PlyCount "84"]
[EventDate "2005.12.07"]

1. Nf3 d5 2. g3 Nc6 3. d4 Bg4 4. Bg2 Qd7 5. h3 Bf5 6. c3 f6 7. Nbd2 e5 8. g4
Bg6 9. dxe5 fxe5 10. Nf1 O-O-O 11. Ng3 Nf6 12. Bg5 Be7 13. Nh4 Bf7 14. Nhf5 h6
15. Nxe7+ Nxe7 16. Bxf6 gxf6 17. e3 Rhg8 18. Qf3 Qe6 19. e4 Ng6 20. exd5 Qb6
21. Nf5 Bxd5 22. Qxd5 Rxd5 23. Bxd5 Rd8 24. O-O-O Nf4 25. Bxb7+ Kxb7 26. Rxd8
Ne2+ 27. Kc2 Qxf2 28. Rd2 Qf3 29. Re1 Nf4 30. Re3 Qh1 31. Rd1 Qc6 32. Rd2 h5
33. Ng3 hxg4 34. hxg4 Qe6 35. Nf5 Qxa2 36. Re4 a5 37. Rd7 Ne6 38. Re7 Qd5 39.
Rc4 Nc5 40. b4 Qd3+ 41. Kc1 Qf1+ 42. Kc2 Qe2+ 0-1

[Event "XXVI Memorial Edoardo Crespi A"]
[Site "Milano ITA"]
[Date "2005.12.08"]
[Round "3"]
[White "Kopischke, Maik"]
[Black "Sardo, Gabriele"]
[Result "1-0"]
[WhiteElo "2007"]
[BlackElo "2194"]
[PlyCount "53"]
[EventDate "2005.12.07"]

1. d4 d5 2. Nf3 Nf6 3. Bg5 g6 4. e3 Bg7 5. Bd3 c5 6. c3 O-O 7. Nbd2 b6 8. O-O
Bb7 9. Re1 Nbd7 10. e4 cxd4 11. Nxd4 Nc5 12. Bxf6 Nxd3 13. Bxg7 Kxg7 14. Re3
Nxb2 15. Qb3 e5 16. Qxb2 exd4 17. cxd4 dxe4 18. Nxe4 Qd5 19. f3 Ba6 20. Rae1
Rfd8 21. Rd1 f6 22. Qa3 Bb7 23. Qe7+ Qf7 24. Ng3 Rd7 25. Qa3 Rad8 26. Rde1 Qd5
27. Re7+ 1-0

[Event "XXVI Memorial Edoardo Crespi A"]
[Site "Milano ITA"]
[Date "2005.12.08"]
[Round "3"]
[White "Martinez, Rolly"]
[Black "Bosi, Clint"]
[Result "1-0"]
[WhiteElo "2409"]
[BlackElo "2027"]
[PlyCount "109"]
[EventDate "2005.12.07"]

1. e4 c5 2. Nf3 Nc6 3. Nc3 d6 4. d4 cxd4 5. Nxd4 e5 6. Nf3 Nf6 7. Bg5 Be7 8.
Bc4 O-O 9. h3 a6 10. Qd2 b5 11. Bxf6 Bxf6 12. Bd5 Qc7 13. O-O-O Rd8 14. Bxc6
Qxc6 15. Qd5 Bb7 16. Qxc6 Bxc6 17. Nd5 Rac8 18. Rd3 Bxd5 19. Rxd5 Rc4 20. Re1
Rdc8 21. Re2 Be7 22. Kb1 f6 23. c3 Kf7 24. Nd2 R4c5 25. Rxc5 dxc5 26. c4 Ke6
27. Nf1 Rd8 28. Ne3 g6 29. Nd5 Bd6 30. Kc2 f5 31. f3 Rf8 32. Kd3 f4 33. b3 g5
34. cxb5 axb5 35. a4 Rb8 36. Kc3 bxa4 37. bxa4 Ra8 38. Ra2 Ra5 39. Kc4 h5 40.
Nc3 Bc7 41. Nb5 Bb6 42. Kb3 Ra8 43. Rd2 Rd8 44. Rxd8 Bxd8 45. Kc4 Bb6 46. Nc3
Ba5 47. Nd5 Kd6 48. Kb5 Bd2 49. a5 c4 50. a6 Be3 51. Kxc4 Ba7 52. Nc3 Kc6 53.
Nb5 Bf2 54. a7 Kb7 55. Kd5 1-0

[Event "XXVI Memorial Edoardo Crespi A"]
[Site "Milano ITA"]
[Date "2005.12.08"]
[Round "3"]
[White "Nannelli, Paolo"]
[Black "Capata, Ion"]
[Result "1-0"]
[WhiteElo "2172"]
[BlackElo "2090"]
[PlyCount "73"]
[EventDate "2005.12.07"]

1. d4 d5 2. c4 e6 3. Nc3 Nf6 4. cxd5 exd5 5. Bg5 Be7 6. e3 O-O 7. Bd3 h6 8.
Bxf6 Bxf6 9. Nge2 c6 10. O-O Re8 11. Qc2 Nd7 12. b4 Nf8 13. b5 Qd6 14. bxc6
bxc6 15. Rab1 Bd8 16. Rfc1 Bc7 17. Ng3 Re7 18. Na4 Re6 19. Bf5 Rf6 20. Bxc8
Rxc8 21. Rb3 h5 22. Qc5 Qe6 23. Nf1 h4 24. Qc2 Rg6 25. h3 Nh7 26. f4 Rf6 27.
Rc3 Ba5 28. Nc5 Qe7 29. Rb3 Bb6 30. Nd3 g5 31. Kh1 gxf4 32. Nxf4 Qd7 33. Qd1
Qf5 34. Nh2 Bc7 35. Qg4+ Kf8 36. Qxf5 Rxf5 37. Rxc6 {...} 1-0

[Event "XXVI Memorial Edoardo Crespi A"]
[Site "Milano ITA"]
[Date "2005.12.08"]
[Round "3"]
[White "Nardone, Massimo"]
[Black "Cervini, Gian Piero"]
[Result "1/2-1/2"]
[WhiteElo "1910"]
[BlackElo "2028"]
[PlyCount "53"]
[EventDate "2005.12.07"]

1. c4 e5 2. Nc3 Nf6 3. g3 d5 4. cxd5 Nxd5 5. Bg2 Be6 6. Nf3 Nc6 7. O-O Be7 8.
d3 Qd7 9. Ng5 Bxg5 10. Bxg5 Nxc3 11. bxc3 Bh3 12. Qb3 Bxg2 13. Kxg2 b6 14. Be3
O-O 15. f4 Na5 16. Qc2 Qd5+ 17. Kg1 c5 18. c4 Qe6 19. fxe5 Nc6 20. Bf4 Nxe5 21.
a4 Rfe8 22. a5 Ng4 23. e4 Qd7 24. Rfb1 Rad8 25. axb6 axb6 26. Rd1 h6 27. Qe2
1/2-1/2

[Event "XXVI Memorial Edoardo Crespi A"]
[Site "Milano ITA"]
[Date "2005.12.08"]
[Round "3"]
[White "Pace, Pietro Dario"]
[Black "Tramalloni, Luca"]
[Result "1-0"]
[WhiteElo "2233"]
[BlackElo "2136"]
[PlyCount "132"]
[EventDate "2005.12.07"]

1. e4 e6 2. d4 d5 3. Nc3 Bb4 4. e5 c5 5. a3 Bxc3+ 6. bxc3 Ne7 7. h4 Nbc6 8. h5
Qa5 9. Bd2 Qa4 10. Nf3 h6 11. Rh4 c4 12. Rg4 Rg8 13. Rf4 Bd7 14. Rb1 b6 15. Bc1
Rf8 16. Nh4 O-O-O 17. Kd2 g5 18. hxg6 fxg6 19. Rxf8 Rxf8 20. Ke1 g5 21. Nf3 Be8
22. Ra1 Bg6 23. Ra2 Nd8 24. Nh2 Qe8 25. a4 Qf7 26. Qd2 Ndc6 27. Ba3 Qf5 28. Qe3
Rf7 29. Be2 Qf4 30. Qxf4 Rxf4 31. Bc1 Rf7 32. Ng4 Ng8 33. Ne3 Nge7 34. Bd2 Kd7
35. f3 Rf8 36. Ng4 Ng8 37. Be3 Nce7 38. Kd2 Kc7 39. Ra1 Kb7 40. Rh1 Nf5 41. Bf2
Ka6 42. Nh2 Ka5 43. g3 Rf7 44. g4 Ng7 45. Ra1 Rf8 46. Nf1 Be8 47. Ne3 Bxa4 48.
Nd1 b5 49. Nb2 Ne7 50. Rh1 Ng8 51. Be3 Ne8 52. Rf1 Nc7 53. Rg1 Na8 54. Nxa4
bxa4 55. Rb1 Nb6 56. Ke1 Ka6 57. Bc1 Rf7 58. Ba3 Ne7 59. Kf2 Ng6 60. Rh1 Nh4
61. Kg3 Nd7 62. Bc1 a3 63. f4 a2 64. Bd2 Ng6 65. f5 exf5 66. gxf5 Rxf5 1-0

[Event "XXVI Memorial Edoardo Crespi A"]
[Site "Milano ITA"]
[Date "2005.12.08"]
[Round "3"]
[White "Papa, Angelo"]
[Black "D'Alfonso, Nicola"]
[Result "0-1"]
[WhiteElo "1900"]
[BlackElo "2098"]
[PlyCount "104"]
[EventDate "2005.12.07"]

1. d4 Nf6 2. Nf3 e6 3. c4 b6 4. e3 d5 5. Bd3 Be7 6. O-O O-O 7. Nc3 Bb7 8. b3 c5
9. Bb2 Nbd7 10. Ne5 dxc4 11. bxc4 cxd4 12. exd4 Nxe5 13. dxe5 Nd7 14. Ne4 Nc5
15. Nxc5 Bxc5 16. Qe2 Qh4 17. g3 Qe7 18. Be4 Bxe4 19. Qxe4 Rad8 20. Rad1 Rxd1
21. Rxd1 Rd8 22. Rxd8+ Qxd8 23. Qe2 h6 24. h4 Bb4 25. Kg2 Qd2 26. Qxd2 Bxd2 27.
Kf3 Bb4 28. Ke4 h5 29. Kd3 Kf8 30. Bc3 Be7 31. f4 Ke8 32. a4 Kd7 33. a5 Kc6 34.
axb6 Kxb6 35. Be1 a5 36. Ke4 Bb4 37. Bf2+ Kc6 38. f5 exf5+ 39. Kxf5 Bc3 40. Ke4
a4 41. e6 fxe6 42. Kd3 Be5 43. Kc2 Bd6 44. Kb2 Bc5 45. Be1 Bd4+ 46. Ka3 Kc5 47.
Kxa4 Kxc4 48. Ka3 e5 49. Ka2 Kd3 50. Kb3 Ke2 51. Bc3 Bxc3 52. Kxc3 e4 0-1

[Event "XXVI Memorial Edoardo Crespi A"]
[Site "Milano ITA"]
[Date "2005.12.08"]
[Round "3"]
[White "Piantoni, Pierino"]
[Black "Ranfagni, Stefano"]
[Result "1-0"]
[WhiteElo "1974"]
[BlackElo "1981"]
[PlyCount "115"]
[EventDate "2005.12.07"]

1. c4 e6 2. g3 f5 3. Bg2 Nf6 4. Nc3 Be7 5. d3 O-O 6. e4 fxe4 7. dxe4 d6 8. Nge2
Nc6 9. O-O e5 10. h3 Be6 11. Nd5 Qd7 12. Kh2 Rf7 13. Qd3 Raf8 14. Be3 h6 15. b4
b6 16. a3 Nh7 17. f4 exf4 18. gxf4 Bh4 19. b5 Nd8 20. e5 dxe5 21. fxe5 Ng5 22.
Nef4 Bf5 23. Qd4 c5 24. Qd1 Ne4 25. Bxe4 Bxe4 26. Qg4 Qxg4 27. hxg4 g5 28. Nf6+
Rxf6 29. exf6 gxf4 30. Bxf4 Rxf6 31. Bb8 Rxf1 32. Rxf1 Bd3 33. Rc1 Bg5 34. Rc3
Be2 35. Kh3 Ne6 36. Bxa7 Bf1+ 37. Kg3 Bd8 38. Kf2 Bf6 39. Rf3 Bxc4 40. Rxf6 Kg7
41. Rf5 Nd4 42. Rh5 Nxb5 43. Bxb6 Nxa3 44. Bxc5 Nc2 45. Rh1 Bf7 46. Kg3 Bg6 47.
Kf4 Bh7 48. Rd1 Bg6 49. Kf3 h5 50. g5 h4 51. Kg4 h3 52. Kxh3 Bf5+ 53. Kg3 Kg6
54. Kf4 Be6 55. Rd6 Kf7 56. g6+ Kf6 57. g7 Kf7 58. Rxe6 1-0

[Event "XXVI Memorial Edoardo Crespi A"]
[Site "Milano ITA"]
[Date "2005.12.08"]
[Round "3"]
[White "Regorda, Vittorio"]
[Black "Fossati, Remigio"]
[Result "0-1"]
[WhiteElo "1938"]
[BlackElo "2178"]
[PlyCount "138"]
[EventDate "2005.12.07"]

1. c4 e6 2. Nc3 d5 3. cxd5 exd5 4. d4 c6 5. Bf4 Bd6 6. Bxd6 Qxd6 7. e3 Bf5 8.
Nge2 Ne7 9. Ng3 Bg6 10. Be2 Nd7 11. Bd3 O-O 12. O-O Bxd3 13. Qxd3 f5 14. Nce2
Rae8 15. Rab1 a5 16. a3 a4 17. b4 axb3 18. Qxb3 b6 19. Qd3 Ra8 20. Ra1 b5 21.
Qb3 Nb6 22. Qb4 Nec8 23. Rfc1 Nc4 24. Qc3 N8b6 25. Nf4 Rf6 26. Nfh5 Rf7 27. Nf4
g6 28. Nd3 Rfa7 29. Nc5 Rxa3 30. Rxa3 Rxa3 31. Qb4 Ra7 32. Ne2 Nd7 33. Nc3 Nxc5
34. dxc5 Qf6 35. g3 Ne5 36. Rd1 Nd7 37. Rd4 Qe7 38. Nxb5 Rb7 39. Qa5 Rxb5 40.
Qa8+ Nb8 41. h4 Qb7 42. Qa3 Qc7 43. Ra4 h5 44. Ra7 Rb7 45. Ra8 Kh7 46. Qa1 Qg7
47. Qa5 Qd7 48. Qa1 Qg7 49. Qa5 Nd7 50. Qd8 Ne5 51. Rc8 Rd7 52. Qe8 Re7 53. Qd8
Rd7 54. Qe8 d4 55. exd4 Nf3+ 56. Kg2 Nxd4 57. Qe3 Qe7 58. Re8 Qxe3 59. fxe3 Nb5
60. Re6 Rc7 61. Kf3 Nc3 62. Re8 Ne4 63. Kf4 Kg7 64. Ke5 Kf7 65. Rh8 Re7+ 66.
Kd4 Nxg3 67. Rc8 Re6 68. Rc7+ Kf6 69. Rc8 Nf1 0-1

[Event "XXVI Memorial Edoardo Crespi A"]
[Site "Milano ITA"]
[Date "2005.12.08"]
[Round "3"]
[White "Salmoiraghi, Angelo"]
[Black "Massironi, Marco"]
[Result "0-1"]
[WhiteElo "1959"]
[BlackElo "2112"]
[PlyCount "40"]
[EventDate "2005.12.07"]

1. e4 c5 2. Nf3 d6 3. d4 cxd4 4. Nxd4 Nf6 5. Nc3 a6 6. Bg5 e6 7. f4 b5 8. Bd3
Nbd7 9. e5 dxe5 10. fxe5 Nxe5 11. Be4 Ra7 12. Nc6 Nxc6 13. Bxc6+ Bd7 14. Be3
Rc7 15. Bb6 Bxc6 16. Qxd8+ Kxd8 17. Rd1+ Kc8 18. Bxc7 Kxc7 19. O-O Bc5+ 20. Kh1
b4 0-1